000
00322nam a22001457a 4500
008
210304b ||||| |||| 00| 0 eng d
020
_a
2901269066791
041
_a
eng
080
_2
12th
_a
004
082
_a
004
100
_a
28
101
_a
SHKI
245
_a
Computers are your Future
_c
LaBerta, C
942
_2
udc
_c
BK
999
_c
55724
_d
55724